The economic benefits of on-farm wind energy clusters in Aberdeenshire (Record no. 112414)

MARC details
000 -LEADER
fixed length control field 00834cad a22002175a 4500
001 - CONTROL NUMBER
control field E153186
008 - FIXED-LENGTH DATA ELEMENTS--GENERAL INFORMATION
fixed length control field 110621s2010 xxk f 000 0 eng d
035 ## - SYSTEM CONTROL NUMBER
System control number (Sirsi) u153186
041 0# - LANGUAGE CODE
Language code of text/sound track or separate title eng
100 1# - MAIN ENTRY--PERSONAL NAME
Personal name Bell, Julian
245 04 - TITLE STATEMENT
Title The economic benefits of on-farm wind energy clusters in Aberdeenshire
Medium [electronic resource]
260 ## - PUBLICATION, DISTRIBUTION, ETC.
Place of publication, distribution, etc. [S.l.]
Name of publisher, distributor, etc. SAC Consulting
Date of publication, distribution, etc. 2010
520 ## - SUMMARY, ETC.
Summary, etc. Seeks to clarify how far the income from wind farm developments on farms is invested in the farm or spent locally.
590 ## - LOCAL NOTE (RLIN)
Local note KA
651 #4 - SUBJECT ADDED ENTRY--GEOGRAPHIC NAME
Geographic name Scotland
Chronological subdivision 1999-
690 ## - LOCAL SUBJECT ADDED ENTRY--TOPICAL TERM (OCLC, RLIN)
Topical term or geographic name as entry element ENVIRONMENTAL AND LAND CONSULTANCY-ENERGY-RENEWABLE ENERGY
690 ## - LOCAL SUBJECT ADDED ENTRY--TOPICAL TERM (OCLC, RLIN)
Topical term or geographic name as entry element PROPERTY-RURAL AND NATURAL ASSETS
700 1# - ADDED ENTRY--PERSONAL NAME
Personal name Booth, Elaine
856 40 - ELECTRONIC LOCATION AND ACCESS
Uniform Resource Identifier <a href="https://www.sac.ac.uk/mainrep/pdfs/aberdeenshirewindenergy.pdf">https://www.sac.ac.uk/mainrep/pdfs/aberdeenshirewindenergy.pdf</a>
Public note View the report at www.sac.ac.uk
942 ## - ADDED ENTRY ELEMENTS (KOHA)
Suppress in OPAC 0
Holdings
Withdrawn status Lost status Source of classification or shelving scheme Damaged status Not for loan Home library Current library Shelving location Date acquired Total Checkouts Full call number Barcode Date last seen Copy number Price effective from Koha item type
    Dewey Decimal Classification     Virtual Virtual Online 21/06/2011   ONLINE PUBLICATION 153186-2001 06/08/2019 1 06/08/2019 Book